[Event "Chessable Masters by chess24-B"]
[Site "Online"]
[Date "2020.06.19"]
[Round "10.2"]
[White "Giri, Anish"]
[Black "Caruana, Fabiano"]
[Result "1/2-1/2"]
[WhiteElo "2731"]
[BlackElo "2773"]
[Annotator "TA"]
[PlyCount "58"]
[EventDate "2020.06.20"]
[EventType "tourn"]
[SourceTitle "playchess.com"]
[Source "ChessBase"]
[SourceQuality "1"]

{[%evp 27,58,16,29,20,33,30,41,43,43,43,41,23,37,33,31,23,45,9,26,21,29,22,22,22,21,20,20,0,22,0,21,0,20]} 1. e4 e5 2. Nf3 Nc6 3. Nc3 Nf6 4. d4 exd4 5. Nxd4 Bb4 6. Nxc6 bxc6 7. Bd3 d5 8. exd5 cxd5 9. O-O O-O 10. Bg5 c6 11. Qf3 h6 12. Bxf6 Qxf6 13. Qxf6 gxf6 14. Ne2 Bd6 15. Rad1 {C47: Scotch Four Knights and Four Knights with 4 g3.} Bg4 16. h3 Bxe2 17. Bxe2 {White is slightly better.} Rab8 18. b3 Rfe8 19. Bd3 Bb4 {[#]} 20. g3 $146 ({Predecessor:} 20. g4 d4 21. Kg2 Re5 22. Kf3 Rbe8 23. a4 a5 24. Rg1 Re1 25. Rdxe1 Rxe1 26. Rxe1 Bxe1 27. Ke2 Bb4 28. Be4 c5 29. Kd3 Kf8 30. Kc4 Ke7 31. Kd5 Ba3 {½-½ (31) Zhou,W (2606)-Wei,Y (2727) China 2017}) 20... Re5 21. Kg2 Rbe8 22. f4 Re3 (22... R5e6 {looks sharper.} 23. Ba6 Kg7 24. Rf3 f5 25. c3 Ba3) 23. Rf3 Kf8 24. Rxe3 Rxe3 $11 {KRB-KRB. The position is equal.} 25. Rf1 Ke7 26. Rf3 Re1 27. Rf1 Re3 28. Rf3 Re1 29. Rf1 Re3 {Accuracy: White = 92%, Black = 100%.} 1/2-1/2

[Event "Chessable Masters by chess24-B"]
[Site "Online"]
[Date "2020.06.19"]
[Round "10.3"]
[White "Vachier-Lagrave, Maxime"]
[Black "Nepomniachtchi, Ian"]
[Result "0-1"]
[WhiteElo "2860"]
[BlackElo "2778"]
[Annotator "TA"]
[PlyCount "70"]
[EventDate "2020.06.20"]
[EventType "tourn"]
[SourceTitle "playchess.com"]
[Source "ChessBase"]
[SourceQuality "1"]

{[%evp 17,70,0,12,2,0,-11,12,4,8,8,8,0,3,0,20,23,11,25,84,64,68,73,77,79,73,78,57,34,36,44,42,45,43,36,37,16,27,0,0,0,0,0,-2,-1087,-1087,-1087,-1083,-1083,-1083,-1082,-1087,-1016,-942,-1066,-1062]} 1. d4 Nf6 2. c4 e6 3. Nc3 Bb4 4. e3 O-O 5. Bd3 d5 6. cxd5 exd5 7. Nf3 b6 8. O-O c5 9. dxc5 bxc5 10. Bd2 {E53: Nimzo-Indian: Rubinstein: Main Line (4...0-0 5 Nf3 d5 6 Bd3 c5 7 0-0).} Nc6 11. Rc1 Bg4 12. h3 {The position is equal.} Bh5 13. a3 {[%cal Ba2a3,Ba3b4,Bb4b5][%mdl 32]} Ba5 {[#]} 14. g4 $146 ({Predecessor:} 14. Ne2 Bxf3 15. gxf3 Ne5 16. Bxa5 Nxf3+ 17. Kg2 Nh4+ 18. Kg3 Nh5+ 19. Kh2 Qxa5 20. Ng3 Nxg3 21. fxg3 {0-1 (51) Mamedyarov,S (2736)-Tomashevsky,E (2758) Berlin 2015}) 14... Bg6 15. Bxg6 hxg6 16. b4 cxb4 17. Ne2 {[#] aiming for axb4.} Rc8 (17... Qd7 $11 {keeps the balance.}) 18. axb4 Bb6 $1 19. b5 Na5 20. Rxc8 Qxc8 21. Bxa5 Bxa5 22. Nf4 Rd8 23. Nd4 {And now Nc6 would win.} Bb6 24. Nc6 {Hoping for Ne7+.} Rd7 25. Qf3 g5 $1 {[%cal Rg5f4]} 26. Nd3 Qe8 27. Rd1 Ne4 28. Ndb4 Nc3 $1 {[%csl LRb5,LRd1][%cal Rc3d1]} 29. Rd3 d4 $1 {[%cal Rd4e3]} 30. exd4 $2 {[%mdl 8192] This move loses the game for White.} (30. Nxd4 $11 Rxd4 31. exd4 Qe1+ 32. Kg2) 30... Qe1+ $19 {Black is clearly winning.} 31. Kg2 Ne2 {[%csl Ge2][%cal Re1g1]} 32. Qe4 Nf4+ {[%mdl 64] [#] Double Attack} 33. Kf3 Qh1+ {[%mdl 64] Double Attack} 34. Ke3 Qc1+ 35. Kf3 Rd6 {Accuracy: White = 83%, Black = 95%.} 0-1